Tokyo Revengers - personnages - Statistiques

Statistiques générales
  • Ce quiz a été pris 244 fois
  • Le résultat moyen est 17 sur 90
Statistiques - réponses
Gang Rôle Nom % Correct
Tokyo Manjikai vice chef Ken Ryûgûji
98%
Tokyo Manjikai chef Manjiro Sano
98%
Tokyo Manjikai capitaine - 1ère division (anciennement) Keisuke Baji
91%
Tokyo Manjikai capitaine - 1ère division Takemichi Hanagaki
84%
Tokyo Manjikai vice capitaine - 1ère division Chifuyu Matsuno
82%
Tokyo Manjikai capitaine - 2ème division Takashi Mitsuya
64%
Tokyo Manjikai vice capitaine - 2ème division Hakkai Shiba
57%
Tokyo Manjikai membre - 1ère division Atsushi Sendo
39%
Tenjiku boss Izana Kurokawa
30%
Black Dragons leader - 1ère génération Shinichiro Sano
30%
Valhalla leader n°2 + leader temporaire Shuji Hanma
30%
Valhalla leader n°1 (anonyme) Tetta Kisaki
30%
Tokyo Manjikai membre - 1ère division Takuya Yamamoto
28%
Black Dragons leader - 10ème génération Taiju Shiba
27%
Valhalla leader n°3 Kazutora Hanemiya
25%
Tokyo Manjikai vice capitaine - 5ème division Haruchiyo Sanzu
24%
Tokyo Manjikai capitaine - 4ème division Nahoya Kawata
23%
Tokyo Manjikai membre - 1ère division Makoto Suzuki
23%
Brahman leader Senju Kawaragi
22%
Black Dragons leader - 11ème génération Takemichi Hanagaki
22%
Tokyo Manjikai capitaine - 3ème division (anciennement) Tetta Kisaki
22%
Tokyo Manjikai capitaine - 5ème division Yasuhiro Muto
22%
Black Dragons capitaine des gardes d'élite - 10ème génération Hajime Kokonoi
21%
Kanto Manjikai leader Manjiro Sano
21%
Black Dragons capitaine de l'escouade d'attaque - 10ème génération Seishu Inui
21%
Tokyo Manjikai vice capitaine - 4ème division Soya Kawata
21%
Black Dragons leader - 8ème génération Izana Kurokawa
20%
Moebius leader temporaire Shuji Hanma
20%
Moebius 8ème leader (anciennement) Nobutaka Osanai
19%
Kanto Manjikai membre Haruchiyo Sanzu
18%
Tenjiku roi céleste Ran Haitani
18%
Brahman vice leader Takeomi Akashi
17%
Black Dragons second - 1ère génération Takeomi Akashi
16%
Tenjiku roi céleste Kakucho
15%
Black Dragons leader - 9ème génération Shion Madarame
15%
Black Dragons membre - 8ème génération Seishu Inui
14%
Black Dragons leader - 11ème génération (anciennement) Seishu Inui
14%
Tenjiku roi céleste Shion Madarame
14%
Rokuhara Tandai représentant South Terano
14%
Tokyo Manjikai membre - 2ème division (anciennement) Takemichi Hanagaki
14%
Tenjiku officier général des armées Tetta Kisaki
14%
Tokyo Manjikai membre - 1ère division Hajime Kokonoi
13%
Black Dragons membre - 10ème génération Hakkai Shiba
13%
Tokyo Manjikai capitaine - 3ème division (anciennement) Haruki Hayashida
13%
Tenjiku roi céleste Kanji Mochizuki
13%
Tenjiku membre Rindo Haitani
13%
Tokyo Manjikai capitaine - 6ème division (anciennement) Shuji Hanma
13%
Tokyo Manjikai membre - 1ère division Seishu Inui
12%
Tenjiku membre Shuji Hanma
12%
Black Dragons chef de la brigade spéciale - 1ère génération Wakasa Imaushi
12%
Black Dragons leader - 11ème génération (anciennement) Hajime Kokonoi
11%
Kanto Manjikai membre Hajime Kokonoi
11%
Valhalla membre Keisuke Baji
11%
Black Dragons membre - 9ème génération (arrêté) Seishu Inui
11%
Brahman membre Takemichi Hanagaki
11%
Brahman grand général Wakasa Imaushi
11%
Cinq salopards de Mizo membre Atsushi Sendo
10%
Black Dragons membre - 9ème génération Hajime Kokonoi
10%
Brahman membre Ken Ryûgûji
10%
Tokyo Manjikai vice capitaine - 3ème division (anciennement) Ryohei Hayashi
10%
Gang de Kiyomasa sous fifre (anciennement) Atsushi Sendo
9%
Tenjiku membre Haruchiyo Sanzu
9%
Gang de Kiyomasa sous fifre (anciennement) Kazushi Yamagishi
9%
Gang de Kiyomasa sous fifre (anciennement) Makoto Suzuki
9%
Tokyo Manjikai capitaine - 3ème division Ryohei Hayashi
9%
Cinq salopards de Mizo membre Takemichi Hanagaki
9%
Gang de Kiyomasa sous fifre (anciennement) Takemichi Hanagaki
9%
Gang de Kiyomasa sous fifre (anciennement) Takuya Yamamoto
9%
Tenjiku cadre Yasuhiro Muto
9%
Tenjiku membre Haijime Kokonoi
8%
Rokuhara Tandai leader Kakucho
8%
Cinq salopards de Mizo membre Makoto Suzuki
8%
Rokuhara Tandai n°2 Ran Haitani
8%
Rokuhara Tandai n°3 Rindo Haitani
8%
Rokuhara Tandai n°5 Shion Madarame
8%
Cinq salopards de Mizo membre Takuya Yamamoto
8%
Cinq salopards de Mizo membre Kazushi Yamagishi
7%
Moebius membre Tetta Kisaki
7%
Valhalla capitaine Chome
6%
Valhalla capitaine Chonbo
6%
Rokuhara Tandai n°4 Kanji Mochizuki
6%
Black Dragons garde du corps en chef - 1ère génération Keizo Arashi
6%
Brahman grand général Keizo Arashi
6%
Gang de Kiyomasa leader Masataka Kiyomizu
6%
Tokyo Manjikai membre - 2ème division (anciennement) Ryohei Hayashi
5%
Gang de Kiyomasa sous fifre Masaru
5%
Tokyo Manjikai membre - 3ème division Akaishi
4%
Gang de Kiyomasa vice leader Akaishi
4%
Valhalla capitaine Chouji
4%
Tokyo Manjikai membre - 3ème division Masataka Kiyomizu
4%
Aucun quiz correspondant
Distribution des résultats
% des personnes avec chaque résultat
Percentile par nombre de réponses
Votre historique - résultats
Vous n’avez pas pris ce quiz